Statistics for Survivor: Redemption Island Contestants (Final Placements)

Click here to take the quiz!

General Stats

  • This quiz has been taken 220 times
  • The average score is 14 of 18

Answer Stats

HintAnswer% Correct
18thFrancesca Hogi
95%
WinnerRob "Boston Rob" Mariano (Marquesas & All Stars & Heroes vs. Villains)
92%
17thRussell Hantz (Samoa & Heroes vs. Villains)
92%
Runner-UpPhillip Sheppard
89%
5thAndrea Boehlke
88%
2nd Runner-UpNatalie Tenerelli
87%
7thMatthew "Matt" Elrod
86%
4thAshley Underwood
82%
9thRalph Kiser
77%
8thGrant Mattos
75%
12thDavid Murphy
74%
11thJulie Wolfe
73%
10thSteve Wright
73%
16thKristina Kell
72%
14thStephanie Valencia
71%
6thMike Chiesl
69%
13thSarita White
66%
15thKrista Klumpp
64%

Score Distribution

Percentile by Number Answered

Percent of People with Each Score

Your Score History

You have not taken this quiz